| 000 | 01071nam a22002537a 4500 | ||
|---|---|---|---|
| 005 | 20170124103150.0 | ||
| 010 | _aA-433013 | ||
| 020 | _c75.00 | ||
| 035 | _aA-433013 | ||
| 037 | _bCen Lib/Ret | ||
| 040 |
_aDPL _bHN |
||
| 082 |
_a181.41 _bरामद |
||
| 100 |
_aरामदयाल _987711 |
||
| 245 |
_aसृष्टिसार और जीवन मार्ग दर्शन / _cरामदयाल |
||
| 246 |
_aSrishtisaar aur jeevan marg darshan _b by Ramdyal |
||
| 260 |
_aबिहार _bश्री गुरुदेव प्रकाशन _c1989 |
||
| 270 |
_aकझाई रोहताश _bबिहार |
||
| 300 |
_a359पृष्ठ. _c20सेमी(सजिल्द) |
||
| 650 |
_aदर्शन शास्त्र _987712 |
||
| 650 |
_aअध्यात्मवादी तत्व दर्शन का सिद्धांत _987713 |
||
| 650 |
_aPhilosophy _987714 |
||
| 650 |
_aSpiritualist element theory of philosophy _987715 |
||
| 942 |
_2ddc _cHN _h181.41 _mरामद |
||
| 999 |
_c119936 _d119936 |
||